000 00920nas a22002177a 4500
005 20260603151257.0
008 260603b20132014por ||j||||||f00| z por d
040 _cBR-ViAPE
245 _aUniversidade - Revista da UFES
260 _aVitória
_bSuperintendência de Cultura e Comunicação da Universidade Federal d o Espírito Santo
_c2013-2014
300 _av.
_bil.
310 _aIrregular
362 _aAno 1, n. 1 (jan. abr. 2013) - ano 2, n. 3 (fev. 2014).
500 _aDisponibilizada apenas a imagem da capa na versão digital, em virtude de restrições de direitos autorais.
500 _aColeção incompleta: disponíveis apenas alguns números do periódico.
650 _aJornalismo Científico
_xCultura
_xVariedades
_zEspírito Santo
651 _aEspírito Santo (Brasil)
_vPeriódicos
710 _aUniversidade Federal do Estado do Espírito Santo - UFES
942 _2ddc
_cPER
_n1
999 _c774
_d774